[Event "Davos op"]
[Site "Davos"]
[Date "2023.07.01"]
[Round "3"]
[White "Zhuang, Yongzhe"]
[Black "Britschgi, Carmen"]
[Result "1-0"]
[WhiteElo "1899"]
[BlackElo "1685"]
[PlyCount "109"]
[EventDate "2023.06.30"]
[EventType "swiss"]
[EventRounds "5"]
[EventCountry "SUI"]
[SourceTitle "EXT 2024"]
[Source "ChessBase"]
[SourceDate "2023.10.10"]
[SourceVersion "1"]
[SourceVersionDate "2023.10.10"]
[SourceQuality "1"]

1. e4 d6 2. d4 g6 3. Nf3 Bg7 4. c3 Nd7 5. Bd3 c5 6. 0-0 Ngf6 7. Re1 0-0 8. Bg5 Qc7 9. Qe2 e5 10. Nbd2 Re8 11. dxe5 Nxe5 12. Nxe5 dxe5 13. Qf3 Nd7 14. Nc4 b5 15. Ne3 c4 16. Bc2 Nb6 17. Rad1 Bb7 18. Qh3 Bc8 19. Qh4 Be6 20. Rd2 Bf8 21. Bd1 Be7 22. Bg4 Bxg5 23. Qxg5 Qe7 24. Qxe5 Bxg4 25. Qxe7 Rxe7 26. Nxg4 Kg7 27. f3 f5 28. Nf2 Rd7 29. Red1 Rad8 30. Rxd7+ Rxd7 31. Rxd7+ Nxd7 32. Kf1 Kf6 33. g3 Nc5 34. Ke2 Na4 35. Nd1 Nc5 36. Ke3 fxe4 37. Kd4 Ne6+ 38. Kxe4 Ng5+ 39. Ke3 Ke6 40. f4 Nf7 41. Kd4 Kd6 42. Nf2 a6 43. Ne4+ Kc6 44. Nf6 h6 45. Ng4 Kd6 46. Ne5 Nxe5 47. fxe5+ Ke6 48. g4 g5 49. h3 a5 50. a3 a4 51. Ke4 Ke7 52. Kf5 Kf7 53. e6+ Ke7 54. Ke5 Kf8 55. Kf6 1-0

[Event "Biel (Women)"]
[Site "Biel"]
[Date "2022.07.21"]
[Round "6"]
[White "Zhuang, Yongzhe"]
[Black "Sumarriva Paulin, Laura"]
[Result "1/2-1/2"]
[WhiteElo "1838"]
[BlackElo "1913"]
[PlyCount "90"]
[EventDate "2022.07.14"]
[EventType "tourn"]
[EventRounds "7"]
[EventCountry "SUI"]
[SourceTitle "EXT 2024"]
[Source "ChessBase"]
[SourceDate "2023.10.10"]
[SourceVersion "1"]
[SourceVersionDate "2023.10.10"]
[SourceQuality "1"]

1. e4 e6 2. d4 d5 3. exd5 exd5 4. Nf3 Bd6 5. c4 Nf6 6. Nc3 0-0 7. cxd5 Nbd7 8. Bg5 h6 9. Bh4 Nb6 10. Be2 Be7 11. 0-0 Nfxd5 12. Bg3 Bf5 13. Qd2 c6 14. a3 Re8 15. Rfe1 Rc8 16. Nxd5 Nxd5 17. Bc4 Bf6 18. Rxe8+ Qxe8 19. Re1 Qd8 20. Ne5 Qb6 21. h3 Rd8 22. Rd1 Be6 23. Bd3 Ne7 24. Nf3 Bf5 25. Bc4 Be4 26. Ne5 Bd5 27. Bd3 Bb3 28. Re1 Qxd4 29. Qe2 Nd5 30. Nxf7 Nf4 31. Bxf4 Bxf7 32. Be4 Qxb2 33. Qg4 Kh8 34. Rb1 Qd4 35. Be3 Qd7 36. Bf5 Qe7 37. Bxa7 Ra8 38. Be3 Rxa3 39. Bc8 Ra1 40. Rxa1 Bxa1 41. Qa4 Be5 42. Qa8 Qd8 43. Bxb7 Qxa8 44. Bxa8 Bd5 45. f4 Bd6 1/2-1/2

[Event "Biel (Women)"]
[Site "Biel"]
[Date "2022.07.19"]
[Round "4"]
[White "Zhuang, Yongzhe"]
[Black "Tamrazyan, Gohar"]
[Result "0-1"]
[WhiteElo "1838"]
[BlackElo "1916"]
[PlyCount "102"]
[EventDate "2022.07.14"]
[EventType "tourn"]
[EventRounds "7"]
[EventCountry "SUI"]
[SourceTitle "EXT 2024"]
[Source "ChessBase"]
[SourceDate "2023.10.10"]
[SourceVersion "1"]
[SourceVersionDate "2023.10.10"]
[SourceQuality "1"]

1. e4 c5 2. c3 d5 3. exd5 Qxd5 4. d4 Nc6 5. Nf3 cxd4 6. cxd4 e6 7. Nc3 Qd8 8. Bc4 Nf6 9. 0-0 Be7 10. a3 0-0 11. h3 b6 12. Be3 Bb7 13. Qe2 Rc8 14. Rad1 Na5 15. Bd3 Bxa3 16. Nb5 Bb4 17. Nxa7 Ra8 18. Nb5 Nd5 19. Bg5 Be7 20. Qe4 Nf6 21. Qe2 Bxf3 22. Qxf3 Qd5 23. Qe3 Nc4 24. Qc1 Rfc8 25. Nc3 Qa5 26. Bxf6 Bxf6 27. Qb1 h6 28. Be4 Ra7 29. Rd3 Rac7 30. Rfd1 Qb4 31. d5 Nxb2 32. Bh7+ Kh8 33. Na2 Qa4 34. d6 Rd7 35. R3d2 Nxd1 36. Bc2 Qa3 37. Qxd1 Rcd8 38. Bb1 Rxd6 39. Qc2 g6 40. Re2 Rd1+ 41. Kh2 Qd6+ 42. g3 Qd5 43. Qe4 Qxe4 44. Bxe4 R8d2 45. Nc1 Bb2 46. Rxd2 Rxd2 47. Nd3 Bd4 48. Nb4 Rxf2+ 49. Kh1 Kg7 50. Bd3 Be5 51. g4 Rh2+ 0-1

[Event "Biel Blitz (Women)"]
[Site "Biel"]
[Date "2022.07.17"]
[Round "6"]
[White "Tamrazyan, Gohar"]
[Black "Zhuang, Yongzhe"]
[Result "0-1"]
[WhiteElo "1733"]
[BlackElo "1681"]
[PlyCount "80"]
[EventDate "2022.01.17"]
[EventType "tourn (blitz)"]
[EventRounds "14"]
[EventCountry "SUI"]
[SourceTitle "EXT 2024"]
[Source "ChessBase"]
[SourceDate "2023.10.10"]
[SourceVersion "1"]
[SourceVersionDate "2023.10.10"]
[SourceQuality "1"]

1. d4 d5 2. Nc3 Nf6 3. Bf4 c5 4. e4 Nxe4 5. Nxe4 dxe4 6. dxc5 Qa5+ 7. c3 Qxc5 8. Qa4+ Nc6 9. Qxe4 Bf5 10. Qa4 e5 11. Be3 Qa5 12. Qxa5 Nxa5 13. 0-0-0 Be7 14. Nf3 f6 15. Bb5+ Nc6 16. Rd2 0-0 17. Rhd1 a6 18. Bc4+ Kh8 19. Nh4 Bc8 20. f4 exf4 21. Bxf4 g5 22. Bxg5 fxg5 23. Nf3 Bg4 24. Bd5 Bc5 25. Kb1 Be3 26. Rd3 Bf5 27. Kc2 Bxd3+ 28. Rxd3 Bc5 29. Nxg5 Rf2+ 30. Rd2 Rxd2+ 31. Kxd2 Ne5 32. b4 Ba7 33. Kc2 Kg7 34. Ne6+ Kf6 35. c4 Rc8 36. h3 Nxc4 37. Kb3 Nd2+ 38. Ka3 Rc3+ 39. Kb2 Rc8 40. Bb3 Nxb3 0-1

[Event "Biel Blitz (Women)"]
[Site "Biel"]
[Date "2022.07.17"]
[Round "4"]
[White "Zhuang, Yongzhe"]
[Black "Sumarriva Paulin, Laura"]
[Result "0-1"]
[WhiteElo "1681"]
[BlackElo "1886"]
[PlyCount "112"]
[EventDate "2022.01.17"]
[EventType "tourn (blitz)"]
[EventRounds "14"]
[EventCountry "SUI"]
[SourceTitle "EXT 2024"]
[Source "ChessBase"]
[SourceDate "2023.10.10"]
[SourceVersion "1"]
[SourceVersionDate "2023.10.10"]
[SourceQuality "1"]

1. e4 e6 2. d4 d5 3. exd5 exd5 4. Nf3 Bd6 5. c4 Nf6 6. Nc3 0-0 7. Be2 dxc4 8. Bxc4 Bg4 9. 0-0 Nbd7 10. h3 Bh5 11. Bd3 Nb6 12. Bg5 c6 13. Bc2 Be7 14. Qd3 Bg6 15. Qd2 Nc4 16. Qe2 Bxc2 17. Qxc2 Qd7 18. Rad1 Nb6 19. Ne5 Qc7 20. Bf4 Bd6 21. Rfe1 Rad8 22. Bg5 Be7 23. Qf5 Nfd5 24. Bf4 Nxf4 25. Qxf4 Bf6 26. Ne4 Be7 27. Re3 Nd5 28. Qf3 Nxe3 29. fxe3 f6 30. Nd3 Bd6 31. Nxd6 Qxd6 32. Nc5 b6 33. Nb7 Qe7 34. Nxd8 Rxd8 35. Re1 c5 36. d5 Qe5 37. e4 Rxd5 38. Qb3 Qd4+ 39. Kh1 c4 40. Qa4 Rd8 41. Qxa7 Qxb2 42. Qb7 c3 43. Qc6 c2 44. Qe6+ Kh8 45. Qc4 h6 46. Kh2 b5 47. Qc6 b4 48. Qc7 Rg8 49. Qc4 Rd8 50. Qc7 Qe5+ 51. Qxe5 fxe5 52. Rc1 Rc8 53. Kg3 Kg8 54. Kg4 Kf7 55. Kf5 Rc5 56. g4 g6# 0-1

[Event "Biel Blitz (Women)"]
[Site "Biel"]
[Date "2022.07.17"]
[Round "14"]
[White "Zhuang, Yongzhe"]
[Black "Tamrazyan, Gohar"]
[Result "1-0"]
[WhiteElo "1681"]
[BlackElo "1733"]
[PlyCount "61"]
[EventDate "2022.01.17"]
[EventType "tourn (blitz)"]
[EventRounds "14"]
[EventCountry "SUI"]
[SourceTitle "EXT 2024"]
[Source "ChessBase"]
[SourceDate "2023.10.10"]
[SourceVersion "1"]
[SourceVersionDate "2023.10.10"]
[SourceQuality "1"]

1. e4 c5 2. c3 d5 3. exd5 Qxd5 4. d4 Nc6 5. Nf3 Bg4 6. dxc5 Qxd1+ 7. Kxd1 0-0-0+ 8. Nbd2 e5 9. b4 e4 10. h3 Bxf3+ 11. gxf3 exf3 12. Kc2 Nf6 13. Nxf3 Be7 14. Be3 Nd5 15. Bd2 Bf6 16. Bc4 Rhe8 17. Rae1 Re7 18. Rxe7 Ncxe7 19. a4 Nc6 20. Rd1 Ne5 21. Nxe5 Bxe5 22. Bg5 f6 23. Bxd5 fxg5 24. Bxb7+ Kc7 25. Rxd8 Kxd8 26. Be4 h5 27. Bf3 g6 28. Be4 g4 29. hxg4 h4 30. b5 g5 31. b6 1-0

[Event "Biel Rapid (Women)"]
[Site "Biel"]
[Date "2022.07.12"]
[Round "2"]
[White "Zhuang, Yongzhe"]
[Black "Cornileau, Juliette"]
[Result "0-1"]
[WhiteElo "1838"]
[BlackElo "1896"]
[PlyCount "60"]
[EventDate "2022.07.12"]
[EventType "tourn (rapid)"]
[EventRounds "7"]
[EventCountry "SUI"]
[SourceTitle "EXT 2024"]
[Source "ChessBase"]
[SourceDate "2023.10.10"]
[SourceVersion "1"]
[SourceVersionDate "2023.10.10"]
[SourceQuality "1"]

1. e4 c6 2. c4 d5 3. exd5 cxd5 4. cxd5 Nf6 5. Nc3 Nxd5 6. Nf3 Nc6 7. Bc4 e6 8. d4 Bb4 9. Bd2 Nb6 10. Bb5 0-0 11. a3 Be7 12. Be3 Nd5 13. 0-0 Bf6 14. Ne4 Be7 15. Rc1 Bd7 16. Qe2 a6 17. Bd3 f5 18. Nc5 Bf6 19. Nxb7 Qe7 20. Ne5 Bxe5 21. dxe5 Nxe3 22. Qxe3 f4 23. Qh3 g6 24. Rfe1 f3 25. gxf3 Nd4 26. Be4 Ne2+ 27. Rxe2 Qg5+ 28. Qg3 Qxc1+ 29. Kg2 Bb5 30. Bxg6 Bxe2 0-1

[Event "Biel Rapid (Women)"]
[Site "Biel"]
[Date "2022.07.12"]
[Round "4"]
[White "Zhuang, Yongzhe"]
[Black "Tamrazyan, Gohar"]
[Result "1/2-1/2"]
[WhiteElo "1838"]
[BlackElo "1578"]
[PlyCount "91"]
[EventDate "2022.07.12"]
[EventType "tourn (rapid)"]
[EventRounds "7"]
[EventCountry "SUI"]
[SourceTitle "EXT 2024"]
[Source "ChessBase"]
[SourceDate "2023.10.10"]
[SourceVersion "1"]
[SourceVersionDate "2023.10.10"]
[SourceQuality "1"]

1. e4 c5 2. c3 d5 3. exd5 Qxd5 4. d4 Nc6 5. Nf3 Bf5 6. a3 0-0-0 7. Be3 Nf6 8. Be2 e6 9. 0-0 h5 10. c4 Qd7 11. dxc5 Qxd1 12. Rxd1 Rxd1+ 13. Bxd1 Ng4 14. b4 Be7 15. Nc3 Bd3 16. Bb3 Nce5 17. Nxe5 Nxe5 18. Nb5 Nxc4 19. Nxa7+ Kb8 20. Bxc4 Bxc4 21. c6 b5 22. a4 bxa4 23. Rxa4 Rd8 24. h3 Rd1+ 25. Kh2 Bd6+ 26. f4 Rb1 27. c7+ Kxc7 28. b5 Bxb5 29. Nxb5+ Rxb5 30. Ra7+ Rb7 31. Rxb7+ Kxb7 32. Kg3 g6 33. Kf3 Kc6 34. Ke4 f6 35. g4 hxg4 36. hxg4 f5+ 37. gxf5 gxf5+ 38. Kf3 Kd5 39. Bc1 e5 40. fxe5 Kxe5 41. Bf4+ Kd5 42. Bc1 Bc7 43. Bd2 Kd4 44. Bh6 Kd3 45. Bg5 Be5 46. Bh6 1/2-1/2

[Event "Online Olym Div2 B"]
[Site "Chess.com INT"]
[Date "2021.09.04"]
[Round "8.1"]
[White "Blokhin, Sofia"]
[Black "Zhuang, Yongzhe"]
[Result "0-1"]
[WhiteElo "2022"]
[BlackElo "1645"]
[PlyCount "56"]
[EventDate "2021.09.02"]
[EventType "team (rapid)"]
[EventRounds "9"]
[EventCountry "USA"]
[SourceTitle "CBM 204 Extra"]
[Source "ChessBase"]
[SourceDate "2021.11.30"]
[SourceVersion "1"]
[SourceVersionDate "2021.11.30"]
[SourceQuality "1"]
[WhiteTeam "Estonia"]
[BlackTeam "Switzerland"]
[WhiteTeamCountry "EST"]
[BlackTeamCountry "SUI"]

1. e4 e5 2. Nf3 Nf6 3. Nxe5 d6 4. Nf3 Nxe4 5. Nc3 Nxc3 6. dxc3 Be7 7. Be3 Nd7 8. Qd2 Nf6 9. Bd3 0-0 10. 0-0-0 Be6 11. Kb1 c5 12. Ng5 Qd7 13. Nxe6 fxe6 14. h3 b5 15. f3 c4 16. Be2 d5 17. g4 b4 18. cxb4 Qa4 19. c3 a5 20. a3 axb4 21. cxb4 Qb3 22. Kc1 Rxa3 23. bxa3 Qxa3+ 24. Kb1 Rb8 25. Rc1 Rxb4+ 26. Qxb4 Qxb4+ 27. Kc2 Qb3+ 28. Kd2 Bb4+ 0-1

[Event "EU-ch Online U16 Girls"]
[Site "Tornelo INT"]
[Date "2020.09.20"]
[Round "7"]
[White "Duran, Esma Doga"]
[Black "Zhuang, Yongzhe"]
[Result "1-0"]
[WhiteElo "1520"]
[BlackElo "1645"]
[PlyCount "77"]
[EventDate "2020.09.18"]
[EventType "swiss (rapid)"]
[EventRounds "9"]
[EventCountry "NET"]
[SourceTitle "EXT 2023"]
[Source "ChessBase"]
[SourceDate "2022.10.05"]
[SourceVersion "1"]
[SourceVersionDate "2022.10.05"]
[SourceQuality "1"]
[WhiteTeam "Turkey"]
[BlackTeam "Schweiz"]
[WhiteTeamCountry "TUR"]
[BlackTeamCountry "SUI"]

1. d4 d5 2. c4 e6 3. Nf3 c5 4. cxd5 exd5 5. g3 Nc6 6. Bg2 Nf6 7. 0-0 Bd6 8. Nc3 0-0 9. Bg5 Be7 10. dxc5 d4 11. Bxf6 Bxf6 12. Ne4 Be7 13. Rc1 Be6 14. Qa4 f5 15. Ned2 Qd7 16. Rfd1 Bf6 17. Nc4 Bxc4 18. Qxc4+ Kh8 19. b4 a6 20. a4 Rad8 21. b5 axb5 22. axb5 Ne5 23. Nxe5 Bxe5 24. e3 d3 25. Rd2 g5 26. Rcd1 Qe7 27. Rxd3 Rxd3 28. Rxd3 f4 29. exf4 gxf4 30. c6 bxc6 31. bxc6 fxg3 32. hxg3 Bc7 33. Rd7 Qe1+ 34. Kh2 Qe5 35. Qh4 h5 36. Rd5 Qe2 37. Rxh5+ Kg8 38. Rh8+ Kg7 39. Qh6+ 1-0

[Event "EU-ch Online U16 Girls"]
[Site "Tornelo INT"]
[Date "2020.09.19"]
[Round "5"]
[White "Bardorz, Jana"]
[Black "Zhuang, Yongzhe"]
[Result "1-0"]
[WhiteElo "1960"]
[BlackElo "1645"]
[PlyCount "123"]
[EventDate "2020.09.18"]
[EventType "swiss (rapid)"]
[EventRounds "9"]
[EventCountry "NET"]
[SourceTitle "EXT 2023"]
[Source "ChessBase"]
[SourceDate "2022.10.05"]
[SourceVersion "1"]
[SourceVersionDate "2022.10.05"]
[SourceQuality "1"]
[WhiteTeam "Germany"]
[BlackTeam "Schweiz"]
[WhiteTeamCountry "GER"]
[BlackTeamCountry "SUI"]

1. e4 e5 2. Nf3 Nf6 3. Nc3 Nc6 4. d4 exd4 5. Nxd4 Bb4 6. Nxc6 bxc6 7. Bd3 d5 8. exd5 cxd5 9. 0-0 0-0 10. h3 h6 11. Qf3 c6 12. Bf4 Bb7 13. Be5 Be7 14. Qf5 Qd7 15. Qf3 c5 16. Bf5 d4 17. Bxd7 Bxf3 18. Bxf6 Bxf6 19. Na4 Be4 20. Nxc5 Bxc2 21. Rac1 Bg6 22. Rfd1 Rab8 23. b3 Rfd8 24. Bc6 Rdc8 25. Nd7 Rb4 26. Nxf6+ gxf6 27. Bd5 Rd8 28. Rc4 Rxc4 29. Bxc4 Bc2 30. Rd2 d3 31. f3 f5 32. f4 Kg7 33. Kf2 Rd4 34. g3 Kf6 35. Ke3 Re4+ 36. Kf2 Rd4 37. Bxd3 Bxd3 38. Ke3 Rd6 39. Rxd3 Ra6 40. Rd2 Re6+ 41. Kd3 Rd6+ 42. Kc3 Rc6+ 43. Kb4 a6 44. Rd3 h5 45. h4 Ke6 46. Ka5 Kf6 47. Re3 Rd6 48. b4 Kg6 49. a4 Kf6 50. b5 axb5 51. axb5 Rd1 52. b6 Ra1+ 53. Kb5 Rb1+ 54. Kc6 Rc1+ 55. Kb7 Rb1 56. Kc7 Rc1+ 57. Kb8 Rb1 58. b7 Kg6 59. Rc3 Re1 60. Rc6+ f6 61. Ka7 Ra1+ 62. Ra6 1-0

[Event "EU-ch Online U16 Girls"]
[Site "Tornelo INT"]
[Date "2020.09.18"]
[Round "1"]
[White "Nasyrova, Ekaterina"]
[Black "Zhuang, Yongzhe"]
[Result "1-0"]
[WhiteElo "2047"]
[BlackElo "1645"]
[PlyCount "99"]
[EventDate "2020.09.18"]
[EventType "swiss (rapid)"]
[EventRounds "9"]
[EventCountry "NET"]
[SourceTitle "EXT 2023"]
[Source "ChessBase"]
[SourceDate "2022.10.05"]
[SourceVersion "1"]
[SourceVersionDate "2022.10.05"]
[SourceQuality "1"]
[WhiteTeam "Russia"]
[BlackTeam "Schweiz"]
[WhiteTeamCountry "RUS"]
[BlackTeamCountry "SUI"]

1. Nf3 d5 2. e3 c5 3. c4 e6 4. Nc3 Nc6 5. cxd5 exd5 6. d4 Nf6 7. Bb5 Bd6 8. Ne5 Qc7 9. f4 a6 10. Bxc6+ bxc6 11. 0-0 0-0 12. Qf3 Bb7 13. b3 cxd4 14. exd4 c5 15. Be3 Ne4 16. Nxe4 dxe4 17. Qf2 f6 18. Nc4 cxd4 19. Bxd4 Rfe8 20. Rac1 Qe7 21. Be3 Bb4 22. Rfd1 Rad8 23. Qe2 Rd7 24. Rxd7 Qxd7 25. Rd1 Qe7 26. Nb6 Rd8 27. Qc4+ Kh8 28. Rxd8+ Qxd8 29. Qxb4 Qd1+ 30. Kf2 h5 31. Qd2 Qg4 32. h3 Qg6 33. Qd8+ Kh7 34. Qd7 h4 35. Qg4 Qxg4 36. hxg4 Kg6 37. f5+ Kf7 38. Bf4 a5 39. Ke3 Bc6 40. Nc4 a4 41. Nd6+ Ke7 42. Nxe4 axb3 43. axb3 Bb5 44. b4 Bf1 45. Kf2 Bd3 46. Nc5 Bb5 47. Nb3 Ba4 48. Nd4 Bd1 49. b5 Bxg4 50. b6 1-0

[Event "Online Olym Div2 C"]
[Site "Chess.com INT"]
[Date "2020.08.14"]
[Round "1.6"]
[White "Tala, Alnasser"]
[Black "Zhuang, Yongzhe"]
[Result "0-1"]
[WhiteElo "1431"]
[BlackElo "1636"]
[PlyCount "98"]
[EventDate "2020.08.14"]
[EventType "team-tourn (rapid)"]
[EventRounds "9"]
[EventCountry "USA"]
[SourceTitle "CBM 198"]
[Source "ChessBase"]
[SourceDate "2020.10.31"]
[SourceVersion "1"]
[SourceVersionDate "2020.10.31"]
[SourceQuality "1"]
[WhiteTeam "Jordan"]
[BlackTeam "Switzerland"]
[WhiteTeamCountry "JOR"]
[BlackTeamCountry "SUI"]

1. d4 d5 2. Nf3 c5 3. c3 Nc6 4. Bg5 h6 5. Bh4 Qb6 6. Qb3 c4 7. Qxb6 axb6 8. Nbd2 Bf5 9. h3 e6 10. g4 Bg6 11. Bg3 Nf6 12. Bg2 b5 13. Be5 Be7 14. Bxf6 Bxf6 15. h4 b4 16. a3 bxc3 17. bxc3 Be7 18. h5 Bh7 19. Ng1 Rxa3 20. Rxa3 Bxa3 21. e4 Ne7 22. Ne2 Kd7 23. 0-0 Rb8 24. Nf4 Bd6 25. e5 Bc7 26. Ra1 b5 27. Ne2 Nc6 28. f4 b4 29. cxb4 Rxb4 30. Ra2 Bd3 31. Nf3 Bb6 32. Kf2 Bxe2 33. Kxe2 Nxd4+ 34. Nxd4 Bxd4 35. Kd2 g5 36. fxg5 hxg5 37. Bf1 Rb2+ 38. Rxb2 Bxb2 39. h6 Bxe5 40. h7 Ke7 41. Kc2 Bh8 42. Be2 Kf6 43. Kc3 Kg7 44. Kd4 Kxh7+ 45. Kc5 Kg6 46. Kb4 Kf6 47. Kc3 Ke5 48. Bf1 Kf4+ 49. Kc2 Kxg4 0-1